|
|
|
|
| LEADER |
00000nab a2200000 a 4500 |
| 001 |
vtls001005894 |
| 003 |
SK-MaSNL |
| 005 |
20260303041741.0 |
| 008 |
040720e19990206xo 0 slo |
| 035 |
|
|
|a RV6494
|
| 040 |
|
|
|a RVGKPD
|b slo
|c RVGKPD
|e AACR2
|
| 041 |
0 |
|
|a slo
|
| 044 |
|
|
|a xo
|c SK
|
| 080 |
|
|
|a 061.75
|2 1981
|
| 100 |
0 |
|
|a jan
|4 aut
|9 343761
|
| 245 |
1 |
0 |
|a Ocenenie jaskyniarom a športovcovi
|b V meste kráľa Ondreja vrcholia tradičné oslavy
|
| 500 |
|
|
|a informácie
|
| 611 |
1 |
7 |
|a Dni mesta Rožňava
|2 RVGKPD
|9 1024164
|
| 650 |
0 |
7 |
|a oslavy
|2 RVGKPD
|9 484766
|
| 655 |
|
7 |
|a periodikum
|2 snkbucl
|9 29553
|
| 773 |
0 |
8 |
|t Lúč
|g Roč. 8, č.30, 6.2.1999, s. 3
|
| 852 |
|
|
|a ZVYKNI
|b KIS3GCP
|
| 999 |
|
|
|c 1688708
|d 1690638
|